00753 2200241 4500001002100000005001500021035002000036007000300056008004100059020002200100082000800122084001400130100001200144245008400156250001100240260003900251300003700290700001300327520013200340990001300472990001300485990001300498INLIS00000000000580820201215025241 a0010-1220000200ta201215 g 0 ind  a978-602-7874-16-9 a370 a370 BAR b0 aBarnawi1 aBranded School :bMembangun Sekolah Unggul Berbasis Peningkatan Mutu /cBarnawi acet. 2 aJogjakarta :bAR-RUZZ MEDIA,c2020 a168 hlm. :bilus ;c13,5 x 20 cm0 aMohammad aBuku ini berisi tentang menentukan sekolah yang terbaik untuk anak-anak merupakan keputusan yang penting bagi setiap orang tua. a59655965 a59655965 a59655965